| 000 | 00773nam a2200217 a 4500 | ||
|---|---|---|---|
| 005 | 20210223130753.0 | ||
| 008 | 081103s1981 mx r 000 0 spa d | ||
| 035 | _aUPN01000164786 | ||
| 049 | _aUNE | ||
| 080 | _a371.212. 72 (540)=20 CHI No.74 | ||
| 100 | 1 | _aChickermane, D. V. | |
| 245 | 1 | 0 |
_aArresting stagnation in small one-teacher rural primary schools : _ban Indian experiment in non-grading / _cby D. V. Chickermane. |
| 260 |
_aParís : _bUNESCO ; _aNew York : _bUNICEF, _c1981. |
||
| 300 | _a10 p. | ||
| 440 | 0 |
_aNotes, comments... ; _v74 |
|
| 690 | _aDesercion escolar - Enseñanza primaria - India | ||
| 690 | _aEnseñanza primaria - Desercion escolar - India | ||
| 710 | 2 |
_aUNICEF _924085 |
|
| 710 | 2 | _aPrograma de Alimentación Mundial | |
| 905 | _aUNESCO | ||
| 999 |
_c136898 _d136898 |
||